|
|
|
|
| LEADER |
01091nam a2200241 a 4500 |
| 001 |
1236051 |
| 008 |
091221s1968 pk b 000 0 eng d |
| 010 |
|
|
|a 70000684
|
| 040 |
|
|
|a DLC
|c DLC
|d DLC
|d BD-DhAAL
|
| 082 |
0 |
0 |
|a 338.9549
|2 17
|
| 100 |
1 |
|
|a Tims, Wouter.
|
| 245 |
1 |
0 |
|a Analytical techniques for development planning;
|b a case study of Pakistan's third five-year plan.
|
| 260 |
|
|
|a [Karachi]
|b Pakistan Institute of Development Economics,
|c 1968.
|
| 300 |
|
|
|a 210 p.
|c 24 cm.
|
| 500 |
|
|
|a Report of studies made by the Planning Commission, Government of Pakistan, during 1964 and 1965.
|
| 502 |
|
|
|a Proefschrift--Nederlandsche Economische Hoogeschool, Rotterdam.
|
| 504 |
|
|
|a Includes bibliographies.
|
| 541 |
1 |
|
|e 00001603
|
| 651 |
|
0 |
|a Pakistan
|x Economic policy.
|
| 710 |
1 |
|
|a Pakistan.
|b Planning Commission.
|
| 852 |
4 |
|
|a Ayesha Abed Library
|j General Shelf.
|
| 999 |
|
|
|c 6328
|d 6328
|
| 952 |
|
|
|0 0
|1 0
|2 ddc
|4 0
|6 338_954900000000000_TIM_1968
|7 0
|9 6378
|a BRACUL
|b BRACUL
|c GEN
|d 2009-12-23
|g 0.00
|l 0
|o 338.9549 TIM
|p 3010001603
|r 2009-12-23
|t 1
|w 2009-12-23
|y BK
|x No price found in the accession register.
|